000 01056cam a22002531i 4500
003 OSt
005 20260221115259.0
008 260203s2013 jo g 000 0 ara c
020 _a9789957232238
040 _aSA-JeALM
_bara
_cSA-RiAUC
_erda
082 0 4 _a252.215
_qSA-RiAUC
090 _aم ن 252.215
_bم ر ج
100 1 _aالمرجاني، هارون بن بهاء الدين المرجاني،
_d1233-1306 هجري
_eمؤلف.
245 1 0 _aناظورة الحق في فرضية العشاء وإن لم يغب الشفق /
_cهارون بن بهاء الدين المرجاني.
264 1 _aقازان، البلغار :
_b[الناشر غير معروف]
_c[1870]
300 _a194صفحة ؛
_c29 سم.
336 _aنص
_btxt
_2rdacontent
_3كتاب
337 _aبدون وسيط
_bn
_2rdamedia
338 _aمجلد
_bnc
_2rdacarrier
650 7 _aالصلاة (فقه إسلامي)
_2aucsh
650 7 _aصلاة العشاء (فقه إسلامي)
_2aucsh
942 _2ddc
_cRBOOK COPY
_n0
949 _aSA-JeALM
_d260203
_umohamedma123
_n1
999 _c14426
_d14426